000 00905nam a2200229Ia 4500
003 IN-BaIIA
008 211028s9999 xx 000 0 eng d
020 _a0-521-34561-8
040 _cIIA Library
080 _a52-77:524.3-355.3
_bQSO
100 _aBlades, J. Chris
_916133
111 _aQSO Absorption Line Meeting on QSO Absorption Lines
_cBaltimore, USA
_d1987 May 19-21
_916134
245 0 _aQSO absorption lines
_bproceedings of the QSO absorption line meeting on QSO absorption lines, held in Baltimore, USA, May 19-21, 1987
_cJ. Chris Blades
260 _aCambridge
_bCambridge University Press
_c1988
300 _aviii, 348p.
490 _aSpace telescope science institute symposium series; 2
650 _aAstronomy and astrophysics thesaurus
650 _aQuasars
_91096
650 _aRedshift
_98391
650 _aSpectral lines
942 _cBK
999 _c9574
_d9574